000 00824nam a2200241Ii 4500
003 JO-AjNU
008 230605s9999||||xx |||||||||||||| ||und||
017 _a1425/3095
020 _a9960-687-86-4
040 _aJO-AjNU
_bara
_erda
_cJO-AjNU
041 _aara
050 1 4 _aBP868.2.N33 2004
100 3 _aالنحوي، عدنان علي رضا محمد,
_eauthor
_916426
245 0 0 _aالربا وخطره في حياة الإنسان
250 _aط1
264 3 1 _aالرياض: دار النحوي للنشر والتوزيع، 2004
300 _a157ص
336 _atext
_btxt
_2rdacontent
337 _aunmediated
_bn
_2rdamedia
338 _avolume
_bnc
_2rdacarrier
490 0 _aالى لقاء المؤمنين وبناء الجيل المؤمن
650 4 _aالربا- الفقه الاسلامي
_916427
999 _aA4863
_c8431
_d8431